LDR 01430naa#a2200169#i#450# 001 RU\\bibl\114876 005 20260416134324.4 011 ## _a2409-1073 100 ## _a20240320b2024####ek#y0rusy0150####ca 102 ## _aRU 200 1# _aМодель факторного анализа экономического состояния компании в управлении инновационным развитием _eЖурнальная статья 210 1# _aМосква _cФедеральное государственное автономное образовательное учреждение высшего образования Национальный исследовательский университет "Московский институт электронной техники" _d2024 215 ## _a0 с. 608 ## _aЖурнальная статья _2local 675 ## _aОрганизация производства (производственного процесса). Производственное планирование. Конструирование. Контроль на производстве. 658.5 _aРазмерный анализ. Анализ величин и измерений. Способы мультивариатной редукции (сокращения по многим переменным). 303.722 _z 700 #1 _aАнискин _gЮрий Петрович 856 4# _aesgi-journal.ru _u